000 00439pab a2200133 454500
008 180718b xxu||||| |||| 00| 0 eng d
100 _aRothstein Paul
245 _aDecentralization and changing fiscal rules in the Japanese local public sector
362 _a48(1), 1993, p.110-32
650 _a Finance -- Public Sector -- Japan
650 _aGovernment Business Enterprises -- Finance -- Japan
773 _aPublic Finance
909 _a27327
999 _c27327
_d27327